00719nam a2200241 a 4500001001300000003000900013005001700022008004100039020000900080082002100089100001900110245002000129260003400149300000900183500003500192505005900227650002300286700001900309902000800328942000700336952011900343999001500462nice12345678IN_TiNIC20260116011645.0050524s1970 boma grp 000 0 eng  ac1200a909.0491411bKAB aKabir, Humayun aIndian Heritage aBombaybAsia Pub. Housec1970 a142p aincludes index and biblioraphy2 aEssays, Life of Muhammad, Complete Summary of Contents aCivilization-India1 aKabir, Humayun bSRS cBK 001040708StackRoom-aHMIbHMId2007-06-05g12.00l0o909.0491411 KABp09924r2007-06-05v12.00w2005-05-24yBK c3194d3194